000 01622nam a2200253 4500
003 NALT
005 20251126101724.0
008 251119b th ||||| |||| 00| 0 tha d
020 _a9786163933683
040 _aNALT
050 _aHV 5770.T5
_bพ886ต 2565
100 0 _aเพ็ญจุรี วีระธนาบุตร.
_967033
245 1 0 _aติดวิทยา ติดได้ก็เลิกได้ ถ้าเข้าถึงหัวใจของการติด /
_cเพ็ญจุรี วีระธนาบุตร.
250 _aพิมพ์ครั้งที่ 1.
260 _aกรุงเทพฯ :
_bสำนักงานเครือข่ายองค์กรงดเหล้า,
_c2565.
300 _a135 หน้า :
_bภาพประกอบ ;
_c19 ซม.
505 0 _aว่าด้วยอาการ "ติด" -- บทที่ 1 จุดเริ่มต้นของการติด -- บทที่ 2 ทำไมติดแล้วถึงเลิกยาก -- บทที่ 3 แนวทางฟื้นฟูใจ 5 ขั้นตอน สู่การเยียวยา -- บทที่ 4 หนทางออกคือกลับสู่ภายใน -- บรรณานุกรม -- ภาคผนวก -- คำขอบคุณ.
650 4 _aการติดยา
_967080
942 _2lcc
_cGB
996 _abkk407106
_bACQSTF
_c2025-11-20
996 _avaree.k
_bLIBSTF
_c2025-11-21
996 _asaiphon.d
_bCATSTF
_c2025-11-26
999 _c107512
_d107512
998 _j104
_k นางสาวสายฝน ดีงาม